| 000 | 00421nam a2200157 4500 | ||
|---|---|---|---|
| 001 | 120874 | ||
| 003 | ES-MaACL | ||
| 005 | 20230906191635.0 | ||
| 007 | t| | ||
| 008 | 070214s1967 sp r ||||1| cat d | ||
| 100 | 1 |
_aPomar, Jaume. _992897 |
|
| 245 | 1 | 0 |
_aTota la ira dels justos / _cJaume Pomar. |
| 260 |
_aPalma de Mallorca : _bDaedalus, _c1967. |
||
| 300 |
_a68 p. ; _c18 cm. |
||
| 852 |
_aES-MaACL _jC-32200 _bR.62827 |
||
| 999 |
_c120874 _d120874 |
||